| 000 | 02192nam0a2200325 i 4500 | ||
|---|---|---|---|
| 001 | RU\NLR\BIBL_A\011527006 | ||
| 005 | 20260408084711.0 | ||
| 010 |
_a9785792412682 _9100 |
||
| 021 |
_aRU _b2017-79364 _95662 |
||
| 035 | _a(RuMoRGB)009425947 | ||
| 035 | _a(NLR Aleph) 011527006 | ||
| 090 |
_a12125694 _c12125694 |
||
| 100 | _a20171115d2017 km y0rusy50 ca | ||
| 101 | 0 | _arus | |
| 102 | _aRU | ||
| 105 | _ay|||j|||000zy | ||
| 200 | 1 |
_aСудебная защита прав участников экономических отношений в Российской Федерации _eучебное пособие _e[для студентов по направлению подготовки 43.03.01 "Юриспруденция"] _fМинистерство образования и науки Российской Федерации, Федеральное государственное бюджетное образовательное учреждение высшего образования "Саратовская государственная юридическая академия" _g[составители: О. В. Исаенкова и др.] _gпод редакцией доктора юридических наук, профессора О. В. Исаенковой |
|
| 210 |
_aСаратов _cИзд-во ФГБОУ ВО "Саратовская государственная юридическая академия" _d2017 |
||
| 215 |
_a67 с. _d21 |
||
| 320 | _aБиблиогр. в подстроч. примеч. | ||
| 606 | 1 |
_aЭкономические споры _jУчебные издания для высших учебных заведений _xСудопроизводство _yРоссийская Федерация _92288614 _3RU\NLR\AUTH\661370765 |
|
| 686 |
_aХ629.2я73-1 _2rubbk |
||
| 686 | 1 | _aХ629.218я73 | |
| 702 | 1 |
_aИсаенкова _bО. В. _gОксана Владимировна _4220 |
|
| 712 | 0 | 2 |
_4570 _aСаратовская государственная юридическая академия _3RU\NLR\AUTH\8810201934 _9292022 |
| 942 | _cBOOK | ||
| 980 | _aNBR | ||